000 00967cam a2200265 i 4500
001 20345686
005 20250224105847.0
008 180205s2018 flu b 001 0 eng
010 _a 2018003315
020 _a9781498761703 (hardback : alk. paper)
040 _aDLC
_beng
_cDLC
_erda
_dDLC
042 _apcc
050 0 0 _aQB981
_b.D475 2018
082 0 0 _a523.1
_223
100 1 _aDi Bari, Pasquale,
_eauthor.
_95399
245 1 0 _aCosmology and the early universe /
_cby Pasquale Di Bari.
260 1 _aBoca Raton :
_bCRC Press/ Taylor & Francis Group,
_c[2018]
300 _axvi, 243 pages ;
_c26 cm.
490 0 _aSeries in astronomy and astrophysics
504 _aIncludes bibliographical references and index.
650 0 _aCosmogony.
_95400
650 0 _aCosmology.
_93589
651 0 _aUniverse.
_95401
776 0 8 _iOnline version:
_aDi Bari, Pasquale, author.
_tCosmology and the early universe
_dBoca Raton : CRC Press, [2018]
_z9781498761727
_w(DLC) 2018005976
999 _c711
_d711